| 000 | 004350000a22001810004500 | ||
|---|---|---|---|
| 003 | MACL | ||
| 005 | 20150729114335.0 | ||
| 008 | 150729b xxu||||| |||| 00| 0 eng d | ||
| 040 |
_aMACL _cMACL |
||
| 041 | _aEnglish | ||
| 082 | _a333/GAV | ||
| 100 |
_aGaur, Dr Mahendra _9456 |
||
| 245 | _aNational Environment Policy | ||
| 260 |
_bAlFa Publication _c2008 _aDelhi |
||
| 350 | _a795 | ||
| 650 |
_aEconomy _93058 |
||
| 942 |
_cBK _k333 _2ddc |
||
| 999 |
_c8900 _d8900 |
||